Notting Hill Housing Trust v Brackley and another (Record no. 68551)

MARC details
000 -LEADER
fixed length control field 01026cam a2200205 4500
001 - CONTROL NUMBER
control field X115076
008 - FIXED-LENGTH DATA ELEMENTS--GENERAL INFORMATION
fixed length control field 011011n2001 000 0 eng u
035 ## - SYSTEM CONTROL NUMBER
System control number (Sirsi) u115076
245 ## - TITLE STATEMENT
Title Notting Hill Housing Trust v Brackley and another
260 ## - PUBLICATION, DISTRIBUTION, ETC.
Date of publication, distribution, etc. 2001
490 ## - SERIES STATEMENT
Series statement Estates Gazette
Volume/sequential designation [2001] 18 EG 175 (CS)
520 ## - SUMMARY, ETC.
Summary, etc. CA 24 April 2001. Housing trust granting husband and wife joint tenancy - marriage breaking down - wife serving notice to quit purporting to end joint tenancy without husband's knowledge - trust seeking possession - whether notice to quit valid - whether periodic tenancy held upon trust with joint tenants as trustees and beneficiaries - whether wife acting in breach of trust - county court granting possession - appeal dismissed.
650 ## - SUBJECT ADDED ENTRY--TOPICAL TERM
Topical term or geographic name entry element LAW OF PROPERTY ACT 1925 S26
650 ## - SUBJECT ADDED ENTRY--TOPICAL TERM
Topical term or geographic name entry element NOTTING HILL HOUSING TRUST V BRACKLEY
650 ## - SUBJECT ADDED ENTRY--TOPICAL TERM
Topical term or geographic name entry element NOTICE TO QUIT
650 ## - SUBJECT ADDED ENTRY--TOPICAL TERM
Topical term or geographic name entry element JOINT TENANCIES
650 ## - SUBJECT ADDED ENTRY--TOPICAL TERM
Topical term or geographic name entry element POSSESSION
690 ## - LOCAL SUBJECT ADDED ENTRY--TOPICAL TERM (OCLC, RLIN)
Topical term or geographic name as entry element LANDLORD AND TENANT-RESIDENTIAL TENANCIES-CASE LAW
942 ## - ADDED ENTRY ELEMENTS (KOHA)
Suppress in OPAC 0
Holdings
Withdrawn status Lost status Source of classification or shelving scheme Damaged status Not for loan Home library Current library Shelving location Date acquired Total Checkouts Full call number Barcode Date last seen Copy number Price effective from Koha item type
    Dewey Decimal Classification     London London News article 11/10/2001   X115076 115076-1001 06/08/2019 1 06/08/2019 Law report